[Event "Green Bay Packers Super Bowl XLV Champ Tourney"]
[Site "SchemingMind.com"]
[Date "2011.02.12"]
[Round "-"]
[White "Olli Ylönen"]
[Black "PeterLiberty"]
[Result "1/2-1/2"]
[WhiteCountry "FIN"]
[BlackCountry "USA"]
[WhiteElo "1640"]
[WhiteRD "55"]
[BlackElo "1512"]
[BlackRD "61"]
[GameID "275678"]

1. d4 Nf6 2. Nf3 e6 3. c4 b6 4. g3 Ba6 5. b3 Bb4+ 6. Bd2 Bxd2+ 7. Qxd2 c6 8. Nc3 d5 9. e4 Nxe4 10. Nxe4 dxe4
11. Ng5 Nd7 12. Nxe4 Nf6 13. Bg2 Nxe4 14. Bxe4 Qc7 15. O-O Rd8 16. Qe3 O-O 17. Rfd1 g6 18. d5 exd5 19. cxd5 cxd5 20. Rxd5 Bb7
21. Rxd8 Rxd8 22. Rc1=
1/2-1/2

[Event "Green Bay Packers Super Bowl XLV Champ Tourney"]
[Site "SchemingMind.com"]
[Date "2011.02.12"]
[Round "-"]
[White "PeterLiberty"]
[Black "Olli Ylönen"]
[Result "1-0"]
[WhiteCountry "USA"]
[BlackCountry "FIN"]
[WhiteElo "1512"]
[WhiteRD "61"]
[BlackElo "1640"]
[BlackRD "55"]
[GameID "275679"]

1. e4 e5 2. Nf3 Nc6 3. Bb5 a6 4. Ba4 Nf6 5. O-O Be7 6. Re1 b5 7. Bb3 d6 8. c3 O-O 9. h3 Na5 10. Bc2 c5
11. d4 Qc7 12. Nbd2 cxd4 13. cxd4 Nc6 14. Nb3 a5 15. Be3 a4 16. d5 axb3 17. Bxb3 Na5 18. Bc2 Nc4 19. Bg5 Nxb2 20. Qb1 Nc4
21. Qxb5 Rb8 22. Qc6 Qxc6 23. dxc6 Re8 24. Ba4 Ba6 25. c7 Rec8 26. cxb8=Q Rxb8 27. Rab1 Rxb1 28. Rxb1 h6 29. Bxf6 Bxf6 30. Rb8+ Kh7
31. Bd7 Kg6 32. Bf5+
1-0

[Event "Green Bay Packers Super Bowl XLV Champ Tourney"]
[Site "SchemingMind.com"]
[Date "2011.02.15"]
[Round "-"]
[White "cnile"]
[Black "PeterLiberty"]
[Result "0-1"]
[WhiteCountry "SCO"]
[BlackCountry "USA"]
[WhiteElo "1459"]
[WhiteRD "63"]
[BlackElo "1505"]
[BlackRD "64"]
[GameID "275804"]

1. d4 Nf6 2. Bg5 Ne4 3. Bf4 c5 4. d5 Qb6 5. Bc1 e6 6. dxe6 fxe6 7. e3 d5 8. Nd2 Nxd2 9. Bxd2 Nd7 10. Bc3 Nf6
11. Nf3 Be7 12. Ne5 O-O 13. Be2 Ne4 14. Bd2 Rxf2 15. Rf1 Rxf1+ 16. Bxf1 Qxb2 17. Be2 Nxd2 18. Kxd2 Qxe5 19. Rb1 d4 20. exd4 Qxd4+
21. Ke1 Qxd1+ 22. Rxd1 b6 23. Bc4 g6 24. Rd3 Kg7 25. Re3 Bb7 26. Rxe6 Re8 27. Kf2 Bc8 28. Kg3 Bxe6
0-1

[Event "Green Bay Packers Super Bowl XLV Champ Tourney"]
[Site "SchemingMind.com"]
[Date "2011.02.18"]
[Round "-"]
[White "cnile"]
[Black "Olli Ylönen"]
[Result "0-1"]
[WhiteCountry "SCO"]
[BlackCountry "FIN"]
[WhiteElo "1442"]
[WhiteRD "58"]
[BlackElo "1642"]
[BlackRD "51"]
[GameID "275805"]

1. d4 d5 2. Nf3 Nf6 3. c4 c6 4. Bg5 Ne4 5. Bf4 g6 6. e3 Qa5+ 7. Nbd2 Bg7 8. Be2 Nxd2 9. Nxd2 O-O 10. cxd5 Qxd5
11. O-O Bf5 12. Bf3 Qd7 13. Rc1 Na6 14. a3 Rfe8 15. Qe2 Nc7 16. Rfd1 Rac8 17. h3 Nd5 18. Bh2 e5 19. dxe5 Bxe5 20. Bxe5 Rxe5
21. e4 Nf4 22. Qf1 Bxh3 23. Qe2 Nxe2+ 24. Bxe2 Qe6 25. Bf1 Bg4 26. f3 Bh5 27. Bc4 Qe7 28. Nb3 Rd8 29. Nd4 Rxe4 30. fxe4 Bxd1
31. Rxd1 Qxe4 32. Bd3 Qxd4+
0-1

[Event "Green Bay Packers Super Bowl XLV Champ Tourney"]
[Site "SchemingMind.com"]
[Date "2011.02.14"]
[Round "-"]
[White "PeterLiberty"]
[Black "cnile"]
[Result "1-0"]
[WhiteCountry "USA"]
[BlackCountry "SCO"]
[WhiteElo "1512"]
[WhiteRD "61"]
[BlackElo "1420"]
[BlackRD "61"]
[GameID "275806"]

1. e4 c5 2. Nf3 Nc6 3. d4 cxd4 4. Nxd4 Nf6 5. Nc3 e6 6. Ndb5 Bb4 7. a3 Bxc3+ 8. Nxc3 d5 9. exd5 exd5 10. Bd3 O-O
11. O-O d4 12. Ne4 Re8 13. Bg5 Re6 14. Nc5 Rd6 15. Re1 Qb6 16. b4 h6 17. Bxf6 Rxf6 18. Re8#
1-0

[Event "Green Bay Packers Super Bowl XLV Champ Tourney"]
[Site "SchemingMind.com"]
[Date "2011.02.15"]
[Round "-"]
[White "Olli Ylönen"]
[Black "cnile"]
[Result "1-0"]
[WhiteCountry "FIN"]
[BlackCountry "SCO"]
[WhiteElo "1642"]
[WhiteRD "51"]
[BlackElo "1442"]
[BlackRD "58"]
[GameID "275807"]

1. Nf3 Nf6 2. c4 d6 3. d4 g6 4. Nc3 Bg7 5. e4 O-O 6. Be2 e5 7. Be3 Nc6 8. d5 Ne7 9. Nd2 Ne8 10. b4 f5
11. f3 f4 12. Bf2 g5 13. c5 h5 14. Nc4 g4 15. cxd6 cxd6 16. Nb5 gxf3 17. Bxf3 Nf6 18. Nxa7 Bd7 19. Nxd6 Rb8 20. Nab5 Bxb5
21. Nxb5 Ng6 22. Bxh5 Ne7 23. Bf3 Nc8 24. Qb3 Kh7 25. g3 fxg3 26. hxg3+ Kg6 27. Rd1 Nd7 28. Bh5+ Kf6 29. Nd4 exd4 30. Bxd4+ Ke7
31. Bxg7 Rg8 32. Bh6 Rxg3 33. d6+ Kf6 34. Rf1+ Ke5 35. Qd5#
1-0

[Event "Green Bay Packers Super Bowl XLV Champ Tourney"]
[Site "SchemingMind.com"]
[Date "2011.02.23"]
[Round "-"]
[White "badpawn"]
[Black "cnile"]
[Result "1-0"]
[WhiteCountry "SWE"]
[BlackCountry "SCO"]
[WhiteElo "1644"]
[WhiteRD "72"]
[BlackElo "1459"]
[BlackRD "63"]
[GameID "276552"]

1. d4 Nf6 2. Nf3 g6 3. Bf4 Bg7 4. e3 d6 5. Be2 O-O 6. O-O Nbd7 7. c3 c5 8. Nbd2 cxd4 9. exd4 Nb6 10. Rc1 Bd7
11. b3 Rc8 12. c4 d5 13. c5 Na8 14. h3 Bc6 15. Ne5 Nh5 16. Bxh5 gxh5 17. Qxh5 Nc7 18. Ndf3 Ne6 19. Bh6 Bxh6 20. Qxh6 Bb5
21. Ng5 Nxg5 22. Qxg5+ Kh8 23. Rc3 Bxf1 24. Rg3 Rg8 25. Nxf7#
1-0

[Event "Green Bay Packers Super Bowl XLV Champ Tourney"]
[Site "SchemingMind.com"]
[Date "2011.02.22"]
[Round "-"]
[White "badpawn"]
[Black "PeterLiberty"]
[Result "1-0"]
[WhiteCountry "SWE"]
[BlackCountry "USA"]
[WhiteElo "1705"]
[WhiteRD "66"]
[BlackElo "1488"]
[BlackRD "65"]
[GameID "276553"]

1. d4 Nf6 2. Nf3 g6 3. Bf4 Bg7 4. e3 d6 5. c3 O-O 6. Qb3 e6 7. Be2 Nc6 8. Nbd2 b6 9. O-O Bb7 10. Rac1 e5
11. dxe5 dxe5 12. Bg3 Qe7 13. Nc4 Ne4 14. Bd3 Qe6 15. Bxe4 Na5 16. Nxa5 Bxe4 17. Qxe6 fxe6 18. Nc4 Bxf3 19. gxf3 Rxf3 20. Nxe5 Bxe5
21. Bxe5 Raf8 22. Rcd1 R8f5 23. Bxc7 Kf7 24. Rd7+ Kg8 25. e4 Rf7 26. Rxf7 Rxf7 27. Bg3 Kg7 28. f4 a5 29. f5 exf5 30. exf5 gxf5
31. Be5+ Kg6 32. Rd1 h5 33. Rd6+ Kg5 34. Rxb6 Ra7 35. c4 f4 36. c5
1-0

[Event "Green Bay Packers Super Bowl XLV Champ Tourney"]
[Site "SchemingMind.com"]
[Date "2011.02.25"]
[Round "-"]
[White "badpawn"]
[Black "Olli Ylönen"]
[Result "1-0"]
[WhiteCountry "SWE"]
[BlackCountry "FIN"]
[WhiteElo "1670"]
[WhiteRD "66"]
[BlackElo "1669"]
[BlackRD "50"]
[GameID "276554"]

1. d4 d5 2. Nf3 Nf6 3. Bf4 c5 4. c3 Nc6 5. e3 Qb6 6. b3 Bg4 7. Nbd2 e6 8. h3 Bh5 9. Be2 cxd4 10. exd4 Be7
11. O-O Rc8 12. c4 Nxd4 13. Be3 Nxe2+ 14. Qxe2 Bxf3 15. Nxf3 Bc5 16. Bxc5 Qxc5 17. cxd5 Qxd5 18. Rad1 Qc6 19. Nd4 Qa6 20. Nb5 O-O
21. Rd6 Qa5 22. Rfd1 Ne4 23. Qxe4 Qxb5 24. Qh4 h6 25. Qe4 Qa5 26. Qxb7 Qxa2 27. Rd7 a5 28. Rxf7 Rxf7 29. Qxc8+ Rf8 30. Qxe6+ Kh8
31. Qb6 a4 32. bxa4 Qxa4 33. Qd4 Qxd4 34. Rxd4 Kh7 35. g4 Kg8 36. f4 Kh7 37. Kg2 Kg8 38. Kg3 Kh7 39. f5 Kg8 40. Rd7 Rf7
41. Rxf7 Kxf7= 42. Kf4 Kg8 43. Ke5 Kf7 44. h4 Kg8 45. Ke6 Kh7 46. g5 hxg5 47. hxg5 Kg8 48. Ke7 Kh8 49. f6
1-0

[Event "Green Bay Packers Super Bowl XLV Champ Tourney"]
[Site "SchemingMind.com"]
[Date "2011.02.26"]
[Round "-"]
[White "cnile"]
[Black "badpawn"]
[Result "0-1"]
[WhiteCountry "SCO"]
[BlackCountry "SWE"]
[WhiteElo "1442"]
[WhiteRD "58"]
[BlackElo "1705"]
[BlackRD "66"]
[GameID "276555"]

1. e4 e5 2. Nf3 Nc6 3. d4 exd4 4. Nxd4 Nf6 5. Nxc6 bxc6 6. e5 Qe7 7. Qe2 Nd5 8. c4 Nb6 9. b3 g6 10. Bb2 Bg7
11. Nc3 O-O 12. f4 d6 13. g3 d5 14. cxd5 cxd5 15. Rc1 c5 16. Bg2 Bb7 17. O-O d4 18. Bxb7 dxc3 19. Bxa8 cxb2 20. Rb1 Rxa8
21. Rxb2 Rd8 22. Rd2 Rxd2 23. Qxd2 c4 24. bxc4 Nxc4 25. Qd4 Nb6 26. a4 g5 27. Qd6 Qe8 28. a5 Nc4 29. Qc5 Qe6 30. Rc1 Nd2
31. Qxa7 gxf4 32. gxf4 Qg4+ 33. Kh1 Nf3 34. Rc8+ Qxc8
0-1

[Event "Green Bay Packers Super Bowl XLV Champ Tourney"]
[Site "SchemingMind.com"]
[Date "2011.02.23"]
[Round "-"]
[White "PeterLiberty"]
[Black "badpawn"]
[Result "0-1"]
[WhiteCountry "USA"]
[BlackCountry "SWE"]
[WhiteElo "1488"]
[WhiteRD "65"]
[BlackElo "1705"]
[BlackRD "66"]
[GameID "276556"]

1. e4 e5 2. Nf3 Nc6 3. Bb5 a6 4. Ba4 b5 5. Bb3 Nf6 6. O-O Be7 7. Re1 O-O 8. c3 d5 9. exd5 Nxd5 10. Nxe5 Nxe5
11. Rxe5 c6 12. d4 Bd6 13. Re1 Qh4 14. g3 Qh3 15. Re4 g5 16. Qf3 f5 17. Re1 Bb7 18. Qg2 Qh5 19. Nd2 Kh8 20. Nf3 f4
21. Bd2 fxg3 22. Bd1 gxh2+ 23. Nxh2 Nf4 24. Bxf4 Qg6 25. Bxd6 Qxd6 26. Ng4 Qc7 27. Ne5 c5 28. Bf3 Bxf3 29. Nxf3 cxd4 30. Nxd4 Rg8
31. Ne6 Qf7 32. Nxg5 Qg6 33. Re5 Raf8 34. Rf1 h6 35. f4 hxg5 36. Qh3+ Kg7 37. Re7+ Rf7 38. f5 Qb6+ 39. Re3 Rh8 40. Qg3 Kf8
41. Qe5 Qh6 42. Kf2 Qh4+ 43. Rg3 Qh2+ 44. Ke3 Re7
0-1

[Event "Green Bay Packers Super Bowl XLV Champ Tourney"]
[Site "SchemingMind.com"]
[Date "2011.02.26"]
[Round "-"]
[White "Olli Ylönen"]
[Black "badpawn"]
[Result "0-1"]
[WhiteCountry "FIN"]
[BlackCountry "SWE"]
[WhiteElo "1607"]
[WhiteRD "51"]
[BlackElo "1644"]
[BlackRD "72"]
[GameID "276557"]

1. e4 e5 2. Nf3 Nc6 3. Bb5 a6 4. Bxc6 dxc6 5. O-O Qd6 6. Na3 Be6 7. Qe2 O-O-O 8. Nc4 Bxc4 9. Qxc4 f6 10. d3 Ne7
11. b4 Ng6 12. Rb1 Be7 13. Be3 Rhe8 14. a4 Nf8 15. b5 a5 16. b6 c5 17. Rb5 cxb6 18. d4 Nd7 19. c3 Kb8 20. h3 cxd4
21. Rd5 Qc6 22. Qxc6 bxc6 23. Rxa5 bxa5 24. Rb1+ Ka8 25. cxd4 Bb4
0-1

[Event "Green Bay Packers Super Bowl XLV Champ Tourney"]
[Site "SchemingMind.com"]
[Date "2011.02.26"]
[Round "-"]
[White "jtrochez1"]
[Black "cnile"]
[Result "1-0"]
[WhiteCountry "HON"]
[BlackCountry "SCO"]
[WhiteElo "1616"]
[WhiteRD "52"]
[BlackElo "1450"]
[BlackRD "57"]
[GameID "276873"]

1. e4 e5 2. Nf3 Nc6 3. Bb5 a6 4. Bxc6 dxc6 5. d4 exd4 6. Nxd4 Bd6 7. O-O Ne7 8. Nf3 Ng6 9. Re1 O-O 10. c3 Be6
11. Be3 Ne5 12. Nxe5 Bxe5 13. Nd2 Qd6 14. Nf3 Bg4 15. Qxd6 Bxd6 16. Nd2 Rad8 17. f3 Be6 18. b3 b6 19. Nf1 f5 20. Bf2 fxe4
21. fxe4 Be5 22. Rac1 Rd3 23. Re3 Rxe3 24. Bxe3 c5 25. c4 h6 26. h3 Rd8 27. Nd2 Bd4 28. Bxd4 cxd4 29. Rf1 Re8 30. Nf3 d3
31. Nd2 Bf7 32. g4 Rf8 33. Rf3 c5 34. Rxd3 Bg6 35. Kg2 Re8 36. Kf3 Kf7 37. Rd7+ Kg8 38. h4 Kf8 39. h5 Bf7 40. Kf4 Re6
41. e5 Ke8 42. Ra7 a5 43. a4 Rc6 44. Ne4 Kf8 45. Nd6 Be6 46. Ra8+ Ke7 47. Ra7+ Kf8 48. Nf5 Bf7 49. Nd6 Be6 50. g5 hxg5+
51. Kxg5 Bh3 52. Kg6 Bg2 53. Rf7+ Kg8 54. Rxg7+ Kf8 55. h6 Be4+ 56. Kf6 Bc2 57. h7
1-0

[Event "Green Bay Packers Super Bowl XLV Champ Tourney"]
[Site "SchemingMind.com"]
[Date "2011.02.25"]
[Round "-"]
[White "jtrochez1"]
[Black "PeterLiberty"]
[Result "0-1"]
[WhiteCountry "HON"]
[BlackCountry "USA"]
[WhiteElo "1616"]
[WhiteRD "52"]
[BlackElo "1479"]
[BlackRD "69"]
[GameID "276874"]

1. e4 c5 2. Nf3 d6 3. Be2 Nf6 4. Nc3 g6 5. d4 cxd4 6. Nxd4 Bg7 7. O-O O-O 8. Be3 Nc6 9. a3 Bd7 10. Nxc6 Bxc6
11. Bf3 Rc8 12. Bd4 e5 13. Be3 b6 14. Bg5 Qe7 15. Nd5 Bxd5 16. exd5 h6 17. Bh4 g5 18. Bg3 Rc5 19. c3 Qb7 20. h3 Nxd5
21. Qe2 Qe7 22. Rad1 Qe6 23. Bxd5 Rxd5 24. Rxd5 Qxd5 25. Rd1 Qe6 26. c4 Rc8 27. b3 Rd8 28. Rd5 f5 29. f3 f4 30. Bh2 Re8
31. Qd3 e4 32. Qxe4 Qxe4 33. fxe4 Be5 34. Kf2 Kf7 35. g4 Kf6 36. Kf3 Kg6 37. h4 gxh4 38. a4 Kg5 39. Bxf4+ Kg6 40. Bxe5 dxe5
41. Rd6+ Kg5 42. b4 Re7 43. Rd1 Rf7+ 44. Kg2 Rf4 45. Kh2 Rxe4 46. Rc1 Rxg4 47. Rg1 h5 48. Rxg4+ hxg4 49. c5 bxc5 50. bxc5 Kf6
51. a5 Ke6 52. a6 Kd5 53. Kg2 Kxc5 54. Kf2 Kd4 55. Ke2 e4
0-1

[Event "Green Bay Packers Super Bowl XLV Champ Tourney"]
[Site "SchemingMind.com"]
[Date "2011.02.25"]
[Round "-"]
[White "jtrochez1"]
[Black "Olli Ylönen"]
[Result "0-1"]
[WhiteCountry "HON"]
[BlackCountry "FIN"]
[WhiteElo "1616"]
[WhiteRD "50"]
[BlackElo "1642"]
[BlackRD "51"]
[GameID "276875"]

1. e4 e5 2. Nf3 Nf6 3. d3 Nc6 4. c3 d5 5. Nbd2 a5 6. h3 Bc5 7. Be2 h6 8. Nb3 dxe4 9. Nxc5 exf3 10. Bxf3 Bd7
11. Nxb7 Qe7 12. O-O Ra7 13. d4 Rxb7 14. dxe5 Nh7 15. Re1 O-O 16. Bf4 Ng5 17. Bxg5 hxg5 18. b3 Rbb8 19. Qd5 Kh8 20. g4 Nd8
21. Qd1 Bc6 22. Bxc6 Nxc6 23. Qd5 Qe6 24. Qxe6 fxe6 25. Re4 Rf4 26. Rae1 Rxe4 27. Rxe4 Rb5 28. f4 gxf4 29. Rxf4 Nxe5 30. Rf8+ Kh7
31. Re8 Rb6 32. c4 Nd3 33. Rd8 Nc1 34. Rd2 c5 35. Kf2 Kg6 36. Kg3 Nxb3 37. axb3 Rxb3+ 38. Kh4 a4 39. Ra2 a3 40. g5 e5
41. Kg4 e4 42. Rd2 Rd3 43. Re2 e3 44. Kf4 Rd4+ 45. Kxe3 Kxg5 46. Ra2 Kh4 47. Rxa3 Kxh3 48. Kf2+ Kh2 49. Rc3 g5 50. Rc2 g4
51. Ke3+ Kh3 52. Kf2 g3+ 53. Kf1 Rd1+ 54. Ke2 g2 55. Kxd1 g1=Q+ 56. Kd2 Qf2+ 57. Kc3 Qd4+ 58. Kb3 Kg4 59. Rc3 Kf4 60. Rh3 Qd1+
61. Kc3 Qe1+ 62. Kb3 Qb4+ 63. Kc2 Qxc4+ 64. Rc3 Qe2+ 65. Kb3 Qb5+ 66. Kc2 Qa4+ 67. Rb3 c4
0-1

[Event "Green Bay Packers Super Bowl XLV Champ Tourney"]
[Site "SchemingMind.com"]
[Date "2011.02.26"]
[Round "-"]
[White "jtrochez1"]
[Black "badpawn"]
[Result "0-1"]
[WhiteCountry "HON"]
[BlackCountry "SWE"]
[WhiteElo "1606"]
[WhiteRD "52"]
[BlackElo "1644"]
[BlackRD "72"]
[GameID "276876"]

1. e4 e5 2. Nf3 Nc6 3. Bc4 Nf6 4. Nc3 d6 5. h3 Be7 6. Nd5 O-O 7. Nxf6+ Bxf6 8. c3 Be6 9. Bxe6 fxe6 10. Qb3 Qc8
11. d3 Kh8 12. Be3 Qd7 13. Rd1 d5 14. exd5 exd5 15. O-O d4 16. cxd4 exd4 17. Bd2 Rae8 18. Rfe1 b6 19. Qa4 Qd6 20. a3 Be5
21. b4 Rxf3 22. gxf3 Qg6+ 23. Kh1 Qh5 24. f4 Qxh3+ 25. Kg1 Qg4+ 26. Kf1 Qh3+ 27. Kg1 Re6 28. Rxe5 Nxe5 29. f5 Nf3#
0-1

[Event "Green Bay Packers Super Bowl XLV Champ Tourney"]
[Site "SchemingMind.com"]
[Date "2011.02.28"]
[Round "-"]
[White "cnile"]
[Black "jtrochez1"]
[Result "0-1"]
[WhiteCountry "SCO"]
[BlackCountry "HON"]
[WhiteElo "1442"]
[WhiteRD "58"]
[BlackElo "1616"]
[BlackRD "50"]
[GameID "276877"]

1. d4 d5 2. Nf3 Nc6 3. Bf4 e6 4. c3 h6 5. h3 Nf6 6. Nbd2 Nh5 7. Bh2 Bd6 8. e3 a6 9. Bd3 Bxh2 10. Nxh2 Nf6
11. O-O O-O 12. Re1 Ne7 13. Ndf3 Nc6 14. e4 Nh7 15. Ng4 dxe4 16. Bxe4 f5 17. Nxh6+ Kh8 18. Bxc6 bxc6 19. Nxf5 exf5 20. Ne5 Qg5
21. Nxc6 Bb7 22. d5 Bxc6 23. dxc6 Rad8 24. Qb3 f4 25. Qe6 Nf6 26. Rad1 f3 27. g3 Rxd1 28. Rxd1 Nh5 29. Qd7 Nxg3 30. fxg3 Qxg3+
31. Kf1 Qg2+ 32. Ke1 Qe2#
0-1

[Event "Green Bay Packers Super Bowl XLV Champ Tourney"]
[Site "SchemingMind.com"]
[Date "2011.02.25"]
[Round "-"]
[White "PeterLiberty"]
[Black "jtrochez1"]
[Result "0-1"]
[WhiteCountry "USA"]
[BlackCountry "HON"]
[WhiteElo "1488"]
[WhiteRD "65"]
[BlackElo "1616"]
[BlackRD "50"]
[GameID "276878"]

1. e4 e5 2. Nf3 Nc6 3. Bb5 d6 4. d4 Bd7 5. O-O Nf6 6. Nc3 h6 7. Re1 Be7 8. Be3 a6 9. Bxc6 bxc6 10. dxe5 Ng4
11. exd6 cxd6 12. Bd4 O-O 13. e5 d5 14. a3 Be6 15. b4 h5 16. Qe2 Nh6 17. Na4 Nf5 18. Nc5 Bxc5 19. Bxc5 Re8 20. Ng5 Qxg5
21. Rad1 Nh4 22. g3 Bg4 23. Qe3 Qxe3 24. Bxe3 Bxd1 25. Rxd1 Nf3+ 26. Kg2 Nxe5 27. Bf4 Nc4 28. Rd3 Re2 29. h4 Rxc2 30. Kf3 Re8
31. g4 hxg4+ 32. Kxg4 Ne5+ 33. Bxe5 Rxe5 34. f4 f5+ 35. Kg3 Re4 36. Rf3 Ree2
0-1

[Event "Green Bay Packers Super Bowl XLV Champ Tourney"]
[Site "SchemingMind.com"]
[Date "2011.02.28"]
[Round "-"]
[White "Olli Ylönen"]
[Black "jtrochez1"]
[Result "0-1"]
[WhiteCountry "FIN"]
[BlackCountry "HON"]
[WhiteElo "1642"]
[WhiteRD "51"]
[BlackElo "1616"]
[BlackRD "50"]
[GameID "276879"]

1. Nf3 Nc6 2. d4 d5 3. c4 e6 4. Nc3 a6 5. e3 Nf6 6. a3 Be7 7. Bd3 Bd7 8. O-O h6 9. cxd5 exd5 10. h3 O-O
11. e4 dxe4 12. Nxe4 Be6 13. Nc5 Bxc5 14. dxc5 b5 15. cxb6 cxb6 16. Be3 b5 17. b4 Nd5 18. Bc5 Re8 19. Re1 Qd7 20. Be4 Rac8
21. Bxd5 Bxd5 22. Rxe8+ Rxe8 23. Nd4 Nxd4 24. Qxd4 Re4 25. Qd3 Qf5 26. Qd2 Rh4 27. f3 Kh7 28. Rd1 Bc4 29. Qd6 Be2 30. Qd5 Qg6
31. Re1 Bc4 32. Qd6 Be6 33. Qxa6 Rxh3 34. Qxb5 Rxf3 35. Qe2 Bg4 36. Qe4 Rf5 37. Qd3 Bf3 38. Qc2 Bxg2 39. Qxg2 Rg5 40. Re2 Qc6
41. Qxg5 hxg5 42. Ra2 Qa4
0-1

[Event "Green Bay Packers Super Bowl XLV Champ Tourney"]
[Site "SchemingMind.com"]
[Date "2011.02.28"]
[Round "-"]
[White "badpawn"]
[Black "jtrochez1"]
[Result "0-1"]
[WhiteCountry "SWE"]
[BlackCountry "HON"]
[WhiteElo "1705"]
[WhiteRD "66"]
[BlackElo "1616"]
[BlackRD "50"]
[GameID "276880"]

1. c4 g6 2. Nc3 Bg7 3. g3 c6 4. Bg2 Nf6 5. Nf3 d6 6. O-O O-O 7. d4 Bf5 8. Qb3 Nbd7 9. Bg5 Ne4 10. Nxe4 Bxe4
11. Rfd1 Qc8 12. Bxe7 Re8 13. Bxd6 c5 14. e3 b6 15. d5 Bf8 16. Bxf8 Rxf8 17. Qc3 Re8 18. Ng5 Bxg2 19. Kxg2 Ne5 20. b3 f6
21. Ne6 Nd7 22. e4 Re7 23. f4 Rf7 24. e5 fxe5 25. fxe5 Nf8 26. Rf1 Nxe6 27. Rxf7 Kxf7 28. dxe6+ Kxe6 29. Rf1 Qc6+ 30. Kg1 Qe4
31. Rf6+ Ke7 32. Rf1 Qd4+ 33. Qxd4 cxd4 34. Re1 Ke6 35. Re4 Rd8 36. Kf2 Kf5 37. Kf3 d3 38. Re1 g5 39. g4+ Ke6 40. h3 b5
41. cxb5 Rd5 42. a4 d2 43. Rd1 Rd3+ 44. Kg2 Kxe5 45. b4 Kd4 46. b6 axb6 47. Kf1 Ke3 48. a5 bxa5 49. bxa5 Ra3
0-1

[Event "Green Bay Packers Super Bowl XLV Champ Tourney"]
[Site "SchemingMind.com"]
[Date "2011.02.28"]
[Round "-"]
[White "lennart"]
[Black "jtrochez1"]
[Result "0-1"]
[WhiteCountry "SWE"]
[BlackCountry "HON"]
[WhiteElo "1506"]
[WhiteRD "51"]
[BlackElo "1606"]
[BlackRD "52"]
[GameID "277004"]

1. e4 e5 2. Nf3 Nc6 3. Nc3 Nf6 4. Bc4 h6 5. d3 d6 6. Be3 Be7 7. O-O a6 8. a3 Bg4 9. b4 Bh5 10. b5 axb5
11. Bxb5 O-O 12. Bxc6 bxc6 13. h3 d5 14. a4 d4 15. Bd2 dxc3 16. Bxc3 Bd6 17. a5 c5 18. Bd2 Qd7 19. a6 c6 20. c4 Bb8
21. Bc3 Qc8 22. Ra5 Rxa6 23. Rxc5 Nd7 24. Ra5 Rxa5 25. Bxa5 Bc7 26. Bc3 Re8 27. g4 Bg6 28. Qa4 Qb7 29. Nd2 Nc5 30. Qc2 Ne6
31. Rb1 Qa7 32. Nf3 f6 33. Nh4 Bh7 34. Kf1 Nd4 35. Qd1 c5 36. Rb2 Rb8 37. Rd2 g5 38. Ng2 Ra8 39. h4 Qa4 40. Qc1 Nf3
41. Rb2 Ba5 42. Bxa5 Qxa5 43. hxg5 fxg5 44. Qd1 Nd4 45. Rb1 Qa2
0-1

[Event "Green Bay Packers Super Bowl XLV Champ Tourney"]
[Site "SchemingMind.com"]
[Date "2011.02.26"]
[Round "-"]
[White "lennart"]
[Black "cnile"]
[Result "1-0"]
[WhiteCountry "SWE"]
[BlackCountry "SCO"]
[WhiteElo "1506"]
[WhiteRD "51"]
[BlackElo "1459"]
[BlackRD "63"]
[GameID "277005"]

1. e4 c5 2. Nf3 Nc6 3. Bd3 e5 4. O-O g6 5. Re1 Bg7 6. c3 d6 7. b3 Nf6 8. a4 Be6 9. c4 Nb4 10. Be2 O-O
11. Nc3 a6 12. Ng5 Qc7 13. Nxe6 fxe6 14. d3 Rad8 15. Bf3 Nxd3 16. Qxd3 Nd7 17. a5 Nb8 18. Bg5 Rde8 19. Ra4 Nc6 20. Bg4 Nd4
21. b4 cxb4 22. Rxb4 Qxa5 23. Rxb7 Qa3 24. Be7 Rxe7 25. Rxe7 Qb2 26. Rf1 Qb3 27. Bxe6+ Kh8 28. Kh1 Nxe6 29. Rxe6 Qb4 30. Nd5 Qc5
31. f3 a5 32. f4 Qb4 33. Nxb4 axb4 34. f5
1-0

[Event "Green Bay Packers Super Bowl XLV Champ Tourney"]
[Site "SchemingMind.com"]
[Date "2011.02.27"]
[Round "-"]
[White "lennart"]
[Black "PeterLiberty"]
[Result "0-1"]
[WhiteCountry "SWE"]
[BlackCountry "USA"]
[WhiteElo "1528"]
[WhiteRD "55"]
[BlackElo "1512"]
[BlackRD "61"]
[GameID "277006"]

1. e4 c5 2. d3 Nc6 3. Nf3 g6 4. Be2 Bg7 5. c3 Nf6 6. O-O O-O 7. Nbd2 d6 8. a3 a5 9. Nc4 b5 10. Ncd2 Bb7
11. b3 c4 12. dxc4 bxc4 13. Nxc4 Nxe4 14. Bb2 d5 15. Ne3 Bxc3 16. Bxc3 Nxc3 17. Qe1 Nxe2+ 18. Qxe2 Ba6 19. Nc4 dxc4 20. bxc4 e6
21. Qe4 Rc8 22. Rfd1 Qf6 23. Rab1 Ne7 24. h3 Bxc4 25. Qg4 Be2 26. Re1 Bxf3 27. gxf3 Nd5 28. Re4 Qg7 29. Qg3 Nc3
0-1

[Event "Green Bay Packers Super Bowl XLV Champ Tourney"]
[Site "SchemingMind.com"]
[Date "2011.02.26"]
[Round "-"]
[White "lennart"]
[Black "Olli Ylönen"]
[Result "1-0"]
[WhiteCountry "SWE"]
[BlackCountry "FIN"]
[WhiteElo "1528"]
[WhiteRD "55"]
[BlackElo "1640"]
[BlackRD "55"]
[GameID "277007"]

1. e4 e5 2. Bd3 Nf6 3. Nf3 Nc6 4. O-O Bc5 5. a3 d6 6. b4 Bxb4 7. axb4 Nxb4 8. Qe2 O-O 9. Na3 Bg4 10. Bc4 Bxf3
11. Qxf3 c6 12. Rb1 Nxc2 13. Nxc2 d5 14. Ba2 dxe4 15. Qf5 b6 16. Qxe5 Re8 17. Qc3 c5 18. Ba3 Qd3 19. Qxd3 exd3 20. Ne1 Re2
21. Rd1 Rd8 22. Bc4 Ne4 23. Bc1 Nc3 24. dxc3 d2 25. Bxe2
1-0

[Event "Green Bay Packers Super Bowl XLV Champ Tourney"]
[Site "SchemingMind.com"]
[Date "2011.02.26"]
[Round "-"]
[White "lennart"]
[Black "badpawn"]
[Result "0-1"]
[WhiteCountry "SWE"]
[BlackCountry "SWE"]
[WhiteElo "1528"]
[WhiteRD "55"]
[BlackElo "1612"]
[BlackRD "74"]
[GameID "277008"]

1. e4 e5 2. Nf3 Nc6 3. Nc3 Nf6 4. Bd3 d6 5. b3 Bg4 6. h3 Bxf3 7. Qxf3 Nd4 8. Qg3 Nh5 9. Qh2 Nf4 10. O-O Qg5
11. g3 Nf3+ 12. Kh1 Nxh2 13. Kxh2 Nxd3 14. cxd3 c6 15. Bb2 Qxd2 16. Rab1 Qxd3 17. Kg2 Be7 18. Rfd1 Qa6 19. a4 b5 20. axb5 cxb5
21. Ra1 Qb6 22. Nd5 Qb7 23. Rac1 Rc8 24. Ra1 O-O 25. h4 Rc2 26. Ba3 Rd8 27. Bc1 Bf8 28. Ne3 Qxe4+
0-1

[Event "Green Bay Packers Super Bowl XLV Champ Tourney"]
[Site "SchemingMind.com"]
[Date "2011.02.28"]
[Round "-"]
[White "jtrochez1"]
[Black "lennart"]
[Result "1-0"]
[WhiteCountry "HON"]
[BlackCountry "SWE"]
[WhiteElo "1606"]
[WhiteRD "52"]
[BlackElo "1506"]
[BlackRD "51"]
[GameID "277009"]

1. e4 e5 2. Nf3 Nc6 3. Bc4 h6 4. d4 d6 5. d5 Nce7 6. h3 Nf6 7. Nc3 Ng6 8. Ne2 Be7 9. Bd3 O-O 10. Ng3 b6
11. Be3 Nd7 12. c4 f6 13. b4 a6 14. a4 a5 15. b5 Kf7 16. Nh5 Rg8 17. Qd2 Ngf8 18. O-O-O Nc5 19. Bxc5 bxc5 20. g4 Rh8
21. Kb2 Rg8 22. Nh2 Rh8 23. f4 Ng6 24. fxe5 dxe5 25. Be2 Bb7 26. Rhf1 c6 27. dxc6 Bc8 28. Qxd8 Bxd8 29. Nf3 Nf4 30. Nxf4 exf4
31. Kb3 Re8 32. Bd3 g5 33. Rfe1 h5 34. Rg1 Rb8 35. Nh2 Be6 36. Nf3 hxg4 37. hxg4 Ke7 38. e5 fxe5 39. Nxe5 Rc8 40. Rh1 Kf6
41. Rde1 Bc7 42. Rh6+ Kg7 43. Rg6+ Kf8 44. Rxg5
1-0